Tom Holland Quiz - Statistics

General Stats
  • This quiz has been taken 508 times
  • The average score is 9 of 15
Answer Stats
Questions Answer % Correct
how many siblings does tom have 3
91%
is tom british or american british
89%
how old is tom (2020) 24
84%
what is toms full name thomas stanley holland
81%
what kind of pet does tom have dog
73%
what kind of dancing does tom do ballet
66%
what is the name of toms pet tessa
62%
What movie was tom in, in 2017 Spiderman Homecoming
58%
which of his brothers are twins sam and harry
53%
what company does he run alongside his brothers the brothers trust
53%
what was he diagnosed with as a child dyslexia
50%
what is toms star sign gemini
50%
where was tom born kingston
44%
when was tom born 1st june 1996
26%
what are their names paddy, sam, harry
23%
No matching quizzes found
Score Distribution
Percent of People with Each Score
Percentile by Number Answered
Your Score History
You have not taken this quiz